00366nam a2200157Ia 4500008004100000082002100041100001800062245001700080250000600097260002700103300000800130600001800138630001700156700001800173730001700191151018s9999 xx 000 0 und d bRBASDV19968a823 aGreen Grmham aThe cheaters b1 bnew english lib.c1962 a378 aGreen Grmham aThe cheaters aGreen Grmham aThe cheaters